MARC

LEADER 00000nam0a2200000 4500
001 171901
005 20231031164146.0
035 |a (RuTPU)RU\TPU\book\186374 
090 |a 171901 
100 |a 20091209d1961 k y0rusy50 ca 
101 0 |a rus 
102 |a RU 
105 |a a z 001zy 
200 1 |a Редкоземельные пегматиты Алакуртти и Приладожья  |f А. П. Калита  |g Академия наук СССР (АН СССР), Институт минералогии, геохимии и кристаллохимии редких элементов (ИМГРЭ) 
210 |a Москва  |c Изд-во Академии наук СССР  |d 1961 
215 |a 119 с.  |c ил. 
320 |a Библиогр.: с. 116-118. 
610 1 |a пегматиты 
610 1 |a редкоземельные пегматиты 
610 1 |a Карелия 
610 1 |a минералы 
610 1 |a геологическое строение 
610 1 |a исследования 
610 1 |a геохимия 
675 |a 552.3  |v 3 
700 1 |a Калита  |b А. П.  |g Антон Петрович 
712 0 2 |a Академия наук СССР (АН СССР)  |b Институт минералогии, геохимии и кристаллохимии редких элементов (ИМГРЭ)  |c (Москва)  |2 stltpush  |3 (RuTPU)RU\TPU\col\10887 
801 1 |a RU  |b 63413507  |c 20091209 
801 2 |a RU  |b 63413507  |c 20141110  |g RCR 
942 |c BK